Score 0/40 Timer 10:00
3 Plays Today
Count Spell % Correct
39Avada Kedavra (Killing Curse)
90.5%
41Crucio (Cruciatus Curse)
89%
43Expelliarmus (Disarming Charm)
88.8%
22Lumos (Wand-Lighting Charm)
82.3%
13Wingardium Leviosa (Levitation Charm)
82.3%
52Accio (Summoning Charm)
81.6%
49Imperio (Imperius Curse)
80.6%
42Expecto Patronum (Patronus Charm)
79.5%
68Stupefy (Stunning Spell)
76.2%
7Alohomora (Unlocking Charm)
69%
11Sectumsempra Curse
58.9%
18Petrificus Totalus (Full Body-Bind Curse)
52%
11Reparo (Mending Charm)
51%
28Protego (Shield Charm)
48.6%
8Reducto (Reductor curse)
44.7%
10Aguamenti (Water-Making Spell)
43.6%
17Obliviate (Memory Charm)
42.7%
18Riddikulus (Boggart-Banishing Spell)
42.4%
6Levicorpus Jinx
41.9%
5Engorgio (Engorgement Charm)
39.9%
Count Spell % Correct
9Diffindo (Severing Charm)
31.5%
11Muffliato Charm
30.9%
13Confundo (Confundus Charm)
27.7%
24Impedimenta (Impediment Jinx)
27%
4Bat-Bogey Hex
25.1%
6Legilimens (Legilimency Spell)
22.6%
11Silencio (Silencing Charm)
22.4%
4Locomotor Mortis (Leg-Locker Curse)
21.1%
13Evanesco (Vanishing Spell)
18%
6Point Me (Four-Point Spell)
16.1%
6Relashio (Revulsion Jinx)
15.5%
6Impervius Charm
13.9%
4Immobulus (Freezing Charm)
13.1%
4Repello Muggletum (Muggle-Repelling Charm)
11.6%
9Fidelius Charm
9.3%
7Cheering Charm
9.3%
7Unbreakable Vow
9.2%
4Dissendium Charm
8.8%
12Disillusionment Charm
7.9%
6Hover Charm
7.8%
Remove Ads.
Support Sporcle.
Get the best of Sporcle when you Go Orange. This ad-free experience offers more features, more stats, and more fun while also helping to support Sporcle. Thank you for becoming a member.

You're not logged in!

Compare scores with friends on all Sporcle quizzes.
OR
Log In

Show Comments

Extras

Top Quizzes Today


Score Distribution

Your Account Isn't Verified!

In order to create a playlist on Sporcle, you need to verify the email address you used during registration. Go to your Sporcle Settings to finish the process.

Report this User

Report this user for behavior that violates our Community Guidelines.

Details: